| 000 | 00582 a2200181 4500 | ||
|---|---|---|---|
| 020 | _a0071132228 (paperback) | ||
| 020 | _a9780071132220 (paperback) | ||
| 090 |
_c4778 _d4778 |
||
| 100 | 1 | _aBartol, Kathryn M. | |
| 245 | 1 | 0 |
_aManagement / _cKathryn M. Bartol, David C. Martin. |
| 250 | _a2Rev Ed ed. | ||
| 260 |
_a[S.l.] : _bMcGraw-Hill Education (ISE Editions), _c1993. |
||
| 300 |
_a896 p. ; _c28 cm. |
||
| 500 | _aImport. | ||
| 700 | 1 | _aMartin, David C. | |
| 856 | 4 | 0 |
_3Amazon.com _uhttp://www.amazon.com/exec/obidos/ASIN/0071132228/chopaconline-20 |
| 942 |
_aNBS _cBK _k658 BAR |
||
| 999 |
_c347209 _d347209 |
||